|
|
|
|
| LEADER |
01384nam a2200301 a 4500 |
| 001 |
778567 |
| 008 |
100105s1973 ilu b 001 0 eng d |
| 010 |
|
|
|a \\\73002795
|
| 020 |
|
|
|a 0030803055
|
| 040 |
|
|
|a DLC
|c DLC
|d DLC
|d BD-DhAAL
|
| 082 |
0 |
0 |
|a 320/.01
|2 18
|
| 999 |
|
|
|c 6703
|d 6703
|
| 999 |
|
|
|c 6703
|
| 100 |
1 |
|
|a Sabine, George Holland,
|d 1880-1961.
|9 940
|
| 245 |
1 |
2 |
|a A history of political theory /
|c George Holland Sabine and Thomas Landon Thorson.
|
| 250 |
|
|
|a 4th ed.
|
| 260 |
|
|
|a Hinsdale, Ill. :
|a New Delhi ;
|b Dryden Press,
|b Oxford & IBH Publishing,
|c c1973.
|
| 300 |
|
|
|a 871 p. ;
|c 23 cm.
|
| 504 |
|
|
|a Includes bibliographies.
|
| 541 |
1 |
|
|e 00010902
|
| 650 |
|
0 |
|a Political science
|x History.
|9 941
|
| 700 |
1 |
|
|a Thorson, Thomas Landon.
|9 942
|
| 700 |
1 |
|
|a Thorson, Thomas Landon.
|9 943
|
| 852 |
4 |
|
|a Ayesha Abed Library
|j General shelf
|
| 942 |
|
|
|2 ddc
|c BK
|
| 952 |
|
|
|0 0
|1 0
|2 ddc
|4 0
|6 320_010000000000000_SAB_1973
|7 0
|9 6879
|a BRACUL
|b BRACUL
|c GEN
|d 2010-01-06
|l 6
|m 39
|o 320.01 SAB
|p 3010010902
|r 2025-08-14
|s 2025-03-24
|t 1
|w 2010-01-06
|y BK
|
| 952 |
|
|
|0 0
|1 0
|2 ddc
|4 0
|6 320_010000000000000_SAB_1973
|7 0
|9 13853
|a BRACUL
|b BRACUL
|c GEN
|d 2011-01-13
|l 6
|m 7
|o 320.01 SAB
|p 3010010898
|r 2024-09-19
|s 2024-07-07
|t 2
|w 2011-01-13
|y BK
|
| 952 |
|
|
|0 0
|1 0
|2 ddc
|4 0
|6 320_010000000000000_SAB
|7 0
|9 22235
|a IGS
|b IGS
|c GEN
|d 2013-04-28
|e Mullick & Brothers
|g 600.00
|l 0
|o 320.01 SAB
|p 3010026833
|r 2013-04-28
|t 3
|w 2013-04-28
|y BK
|